000 00433nam a2200181Ia 4500
001 22502
005 20260414150835.0
008 260414t2003||||xx |||||||||||||| ||spa||
041 _aESP
082 _a621.382
_bB27
100 _aRegis J.
_eAUT
245 0 _aComunicaciones inalámbricas de banda ancha
_b
260 _c2003
300 _a345 páginas :
_c24 cm.
650 _aTCA
654 _aCET
942 _cLIB
_dJUS
_fJUS
_2ddc
_n
999 _c22502
_d22502